000 01517nam0a2200361 4500
001 RU\NLR\BIBL_A\012329340
005 20200923151403.0
010 _a978-5-6043722-8-9
_9300
021 _aRU
_bКН-П-20-027194
_9КН-П-20-2096
035 _a(NLR Aleph) 012329340
035 _a(RuMoRGB)010334201
090 _a11464519
_c11464519
100 _a20200910d2019 k y0rusy50 ca
101 0 _arus
102 _aRU
105 _aa|||z|||000zy
181 0 _ai
_baxxe
182 0 _an
200 1 _aФинансовые модели оценки стоимости сельскохозяйственного бизнеса
_e[монография]
_fН. Ф. Зарук, Е. С. Коломеева, М. А. Шереужева
203 _aТекст
_bвизуальный
_cнепосредственный
210 _aМосква
_cМегаполис
_d2019
215 _a174 с.
_cил., табл.
_d21
320 _aБиблиогр.: с. 167-174 (79 назв.)
606 1 _aСельское хозяйство
_xПредпринимательство
_xОценка
_2nlr_sh2
_3RU\NLR\AUTH\6601675043
686 1 _aУ32(2)-13
700 1 _aЗарук
_bН. Ф.
_gНаталья Федоровна
_3RU\NLR\AUTH\7767970
701 1 _aКоломеева
_bЕ. С.
_gЕлена Сергеевна
701 1 _aШереужева
_bМ. А.
_gМадина Альбертовна
942 _cBOOK
980 _aNBR
980 _aNB